Giocatori più preziosi per transfermarkt - Statistics

Statistiche generali
  • Questo quiz è stato fatto 94 volte
    75 dall'ultimo reset
  • Il punteggio medio è 27 su 50
Statistiche sulle risposte
VALORE GIOCATORE NAZIONE % Corretto
180 MBAPPE FRANCIA
100%
180 HAALAND NOEVEGIA
97%
150 VINICIUS BRASILE
92%
120 BELLINGHAM INGHILTERRA
89%
110 MUSIALA GERMANIA
85%
120 OSIMHEN NIGERIA
85%
85 KVARATSKHELIA GEORGIA
82%
100 PEDRI SPAGNA
80%
90 GAVI SPAGNA
79%
90 KANE INGHILTERRA
77%
110 FODEN INGHILTERRA
76%
85 LAUTARO MARTINEZ ARGENTINA
73%
90 ODEGAARD NORVEGIA
73%
120 SAKA INGHILTERRA
73%
90 LEAO PORTOGALLO
71%
100 RODRYGO BRASILE
71%
100 VALVERDE URUGUAY
71%
75 BARELLA ITALIA
68%
70 VLAHOVIC SERBIA
67%
90 RICE INGHILTERRA
65%
90 RODRI SPAGNA
65%
70 DE BRUYNE BELGIO
56%
70 DAVIES CANADA
53%
65 NUNEZ URUGUAY
53%
85 CAMAVINGA FRANCIA
52%
80 ENZO FERNANDEZ ARGENTINA
50%
80 BERNARDO SILVA PORTOGALLO
47%
75 CAICEDO ECUADOR
45%
75 BRUNO FERNANDES PORTOGALLO
44%
75 GREALISH INGHILTERRA
44%
75 GVARDIOL CROAZIA
44%
70 ISAK SVEZIA
44%
85 TCHOUAMENI FRANCIA
44%
85 WIRTZ GERMANIA
42%
75 DE LIGT OLANDA
41%
80 RUBEN DIAS PORTOGALLO
41%
75 DE JONG OLANDA
35%
75 LUIS DIAZ COLOMBIA
33%
65 KOLO MUANI FRANCIA
30%
75 KIMMICH GERMANIA
29%
80 RASHFORD INGHILTERRA
29%
75 GABRIEL JESUS BRASILE
27%
65 MAC ALLISTER ARGENTINA
27%
70 ARAUJO URUGUAY
26%
80 MARTINELLI BRASILE
26%
65 MENDES PORTOGALLO
21%
70 MILITAO BRASILE
21%
65 SALIBA FRANCIA
21%
70 GUIMARAES BRASILE
12%
80 NKUNKU FRANCIA
11%
Nessun quiz corrispondente trovato
Distribuzione punteggi
Percentuale di utenti per punteggio
Percentile per numero di risposta
I tuoi punteggi nel tempo
Non hai fatto questo quiz dall'ultimo reset